Famous Duos #1 - Statistics

General Stats
  • This quiz has been taken 84 times
  • The average score is 4 of 10
Answer Stats
Hint Answer % Correct
Batman & ____ Robin
99%
Laurel & ____ Hardy
83%
Simon & ____ Garfunkel
77%
____ & Costello Abbott
63%
____ & Lewis Martin
40%
____ & Pace Hale
29%
Key & ____ Peele
25%
Franken & ____ Davis
7%
Tim & ____ Eric
1%
____ & Shean Gallagher
1%
No matching quizzes found
Score Distribution
Percent of People with Each Score
Percentile by Number Answered
Your Score History
You have not taken this quiz